000 00599nam a2200181Ia 4500
005 20250923145621.0
008 008 250917s9999 xx 000 0 eng d
037 _aTextual
040 _aDSWL
_beng
_cDSWL
041 _aeng
_2eng
084 _aYX,A;5-P.2311, N83
_qDSWL
245 0 _aUNFPA- ILO Tripartite family welfare project, baseline survey report
_c by Textile Labour Association
260 _aHyderabad
_bTextile Labour Association
_c1983
300 _a82 p.
700 _a I.L.O.
_9837215
942 _cTEXL
_hYX,A;5-P.2311, N83
999 _c1453530
_d1453530